00773nam a2200205 a 4500001001000000003000400010005001700014008004100031040002500072082001900097100008200116245003900198260004100237300002000278650003100298650003100329942001300360952017700373999001700550000033334OSt20240412074257.0110824s1944 dr 000 0 spa d aDO-SdBNPbspacBNPHU aRD861.4bC422g1 aCestero Burgos, Tulio A.d1902-1959q(Tulio Arístides Cestero Bugos)95892510aGilma. /cTulio A. Cestero Burgos. aColombia :bEdiciones "Proa",c1944. a47 p. ;c24 cm. 4aPoesía dominicana977009 0aLiteratura dominicana.967 2ddccLF1 00102ddc718PDaPDbPDcCTd2011-08-24iLF1l0oBNPHU PD-RV 861.42 C422gp33334-10r2020-06-25w2020-06-25yLFPDzPerteneció a la biblioteca personal de Martínez Boog c32825d32825